000 00301nam a22001337a 4500
008 171016b xxu||||| |||| 00| 0 eng d
020 _a0465068189
041 _aeng
080 _a33
100 _a52
101 _aECO
245 _aTHE RADICAL ECONOMIC WORLD VIEW
_cWARD.B
942 _2udc
_cBK
999 _c34037
_d34037